Gaming Quiz

Random Gaming or Mario Quiz

Mario's nicknames Quiz Stats

Quiz not verified by Sporcle

Challenge
Share
Tweet
Embed
Score 0/29 Timer 10:00
0 Plays Today
Used by Nickname % Correct
LuigiBro
85.4%
Audience Member in the Glitz Pit/PaulineJumpman
35.6%
PenningtonLuigi
30.4%
Anyone in the Glitz PitThe Great Gonzales
26.7%
ToadsworthMaster Mario
20.6%
Puni ElderMarty-O
19.4%
O'ChunksMaria
17.8%
Queen BeeNew Bee
15.4%
KroopMurphy
15%
Pa-Patch & FlavioCaptain Stache
10.5%
DooplissSlick
8.9%
Zess TStompy
8.5%
The WhaleDr. Mario
8.1%
BeldamMr. Mustache
8.1%
PenguinOld Man
6.1%
Used by Nickname % Correct
BowserSuper Stupid Bros
6.1%
Mr. LMr. Jumpsallthetime
5.7%
GoombellaMister Man
5.7%
FracktailYeti-lip
4.9%
Zess TClumsy Crush-a-lot
4%
BowserSuper Coward Bros.
4%
Hermie IIIThanta Clauthe
4%
Koopa the QuickThe Human Blur
3.6%
Black Chest DemonHero of Legend
2.8%
BowserShortie
2.8%
Kylie KoopaWhiskers
2.4%
GarroMariotta
1.6%
Zess TMr. Squishy
1.2%
Zess TSir Stomp-on-stuff
0.8%

You're not logged in!

Compare scores with friends on all Sporcle quizzes.
Join for Free
OR
Log In

You Might Also Like...

Show Comments

Extras

Created Apr 25, 2010ReportNominate
Tags:Mario Quiz, nickname

Top Quizzes Today


Score Distribution

Your Account Isn't Verified!

In order to create a playlist on Sporcle, you need to verify the email address you used during registration. Go to your Sporcle Settings to finish the process.

Report this User

Report this user for behavior that violates our Community Guidelines.

Details: